Jugadores de fútbol por una pista #3 - Estadísticas

Estadísticas generales
  • Esta prueba ha sido intentada 520 veces
  • La puntuación promedio es 9 de 15
Estadísticas de respuestas
Pista Jugador % Correcto
MVP de la final de la Copa del Mundo de 2018 Antoine Griezmann
81%
Único balón de oro español Luis Suarez
79%
Actual capitán del Paris-Saint Germain Marquinhos
79%
Portero que inventó la "parada de escorpión" René Higuita
79%
Nacido en España y considerado una de las mayores leyendas de la historia del Manchester City David Silva
76%
El A.C. Milan ha retirado su camiseta Paolo Maldini
75%
Antes de convertirse en leyenda en el Arsenal, solo duró 7 meses en la Juventus Thierry Henry
71%
Jugador más joven en marcar un gol en UEFA Champions League Ansu Fati
56%
Jugador que más partidos ha jugado con la Juventus Alessandro Del Piero
53%
Portero que más penaltis ha parado en la historia de La Liga Diego Alves
52%
Apodado "El payaso" e ídolo de Lionel Messi Pablo Aimar
48%
Portero español que se perdió el Mundial de 2002 por un corte con un frasco de colonia en el pie Santi Cañizares
48%
Primer jugador español en ser nombrado Golden Boy Cesc Fábregas
32%
Padece miedo a volar en avión Dennis Bergkamp
29%
En un partido de la Copa América 1999 falló 3 penaltis Martín Palermo
27%
No se encontraron pruebas coincidentes
Distribución de puntuación
Porcentaje de gente con cada puntuación
Porcentaje por número respondido
Historial de tus puntuaciones
No has intentado esta prueba.